| 000 | 00456cam a2200145u 4500 | ||
|---|---|---|---|
| 082 |
_a530.02462 _bFLE _cL-6, P-36 |
||
| 100 | 1 |
_aFleming, Ambrose _939764 |
|
| 245 | 1 | 0 |
_aPhysics for engineers, _cFleming, Ambrose |
| 260 |
_aLondon, _bGeorge Newnes limited _c[1942] |
||
| 300 |
_axii, 232 p. _bincl. front., illus., diagrs. _c19 cm. |
||
| 526 |
_a0 _b0 _c0 _d530_024620000000000_FLE |
||
| 650 | 0 | _aPhysics. | |
| 700 |
_aFleming, Ambrose _939764 |
||
| 942 |
_2ddc _cBK |
||
| 999 |
_c544199 _d544199 |
||